书目信息 |
| 题名: |
实分析
|
|
| 作者: | 陈善镇 , 王昆扬 著 | |
| 分册: | ||
| 出版信息: | 北京 北京师范大学出版社 1997 |
|
| 页数: | 212页 | |
| 开本: | 32开 | |
| 丛书名: | ||
| 单 册: | ||
| 中图分类: | O174.1 | |
| 科图分类: | ||
| 主题词: | 数学分析 | |
| 电子资源: | ||
| ISBN: | 7-303-04377-2 | |
| 000 | 00564nam0 2200205 45 | |
| 001 | 0110301573 | |
| 005 | 20031219104051.3 | |
| 010 | @a7-303-04377-2@dCNY9.00 | |
| 100 | @a20011030d1997 km y0chiy0120 ea | |
| 101 | 0 | @achi |
| 105 | @a z 000yy | |
| 200 | 1 | @a实分析@AShi Fen Xi@f陈善镇,王昆扬著@FChen Shan Zhen,Wang Kun Yang Zhu |
| 210 | @a北京@c北京师范大学出版社@d1997 | |
| 215 | @a212页@d32开 | |
| 606 | 0 | @a数学分析 |
| 690 | @aO174.1@v4 | |
| 701 | @a陈善镇@4著 | |
| 701 | 0 | @a王昆扬@4著 |
| 801 | @aCN@bTSTC@c20011030 | |
| 905 | @f5@b300220-224@dO174.1@e108 | |
| 实分析/陈善镇,王昆扬著.-北京:北京师范大学出版社,1997 |
| 212页;32开 |
| ISBN 7-303-04377-2:CNY9.00 |
| ● |
| 相关链接 |
|
|
|
|
正题名:实分析
索取号:O174.1/108
 
预约/预借
| 序号 | 登录号 | 条形码 | 馆藏地/架位号 | 状态 | 备注 |
| 1 | 0300220 | 203002204 | 第三借阅区/ [索取号:O174.1/108] | 在馆 | |
| 2 | 0300221 | 203002213 | 第三借阅区/ [索取号:O174.1/108] | 在馆 | |
| 3 | 0300222 | 203002222 | 第三借阅区/ [索取号:O174.1/108] | 在馆 | |
| 4 | 0300223 | 203002231 | 第三借阅区/ [索取号:O174.1/108] | 在馆 | |
| 5 | 0300224 | 203002240 | 第二样本阅览室/ [索取号:O174.1/108] | 在馆 |